Mitu Euroopa pealinna suudad nimetada 7 minutiga - Statistics

General Stats
  • This quiz has been taken 153 times
  • The average score is 35 of 45
Answer Stats
Country City % Correct
Eesti Tallinn
100%
Soome Helsingi
96%
Suurbritannia London
96%
Kreeka Ateena
95%
Läti Riia
95%
Itaalia Rooma
95%
Rootsi Stockholm
95%
Venemaa Moskva
93%
Norra Oslo
93%
Saksamaa Berliin
91%
Hispaania Madrid
89%
Prantsusmaa Pariis
89%
Ukraina Kiiev
87%
Leedu Vilnius
87%
Holland Amsterdam
85%
Vatikan Vatikan
85%
Austria Viin
85%
Iirimaa Dublin
84%
Taani Kopenhaagen
84%
Belgia Brüssel
80%
Portugal Lissabon
80%
Island Reykjavík
80%
Tšehhi Praha
78%
Bulgaaria Sofia
78%
Poola Varssavi
78%
San Marino San Marino
76%
Ungari Budapest
75%
Valgevene Minsk
73%
Monaco Monaco
73%
Luksemburg Luxembourg
71%
Šveits Bern
69%
Andorra Andorra la Vella
67%
Rumeenia Bukarest
67%
Sloveenia Ljubljana
67%
Malta Valletta
67%
Slovakkia Bratislava
64%
Serbia Belgrad
62%
Bosnia ja Hertsegoviina Sarajevo
60%
Albaania Tirana
58%
Horvaatia Zagreb
56%
Liechtenstein Vaduz
53%
Moldova Chișinău
51%
Kosovo Priština
51%
Makedoonia Skopje
49%
Montenegro Podgorica
47%
No matching quizzes found
Score Distribution
Percent of People with Each Score
Percentile by Number Answered
Your Score History
You have not taken this quiz